000 01869cad a22001935a 4500
001 L144522
008 080725e20080714xxk f f000 0 eng d
035 _a(Sirsi) u144522
041 0 _aeng
110 1 _aUnited Kingdom
_bParliament
_bHouse of Commons
_bSelect Committee on Communities and Local Government
_95574
245 0 0 _aCommunities and Local Government Committee
_beleventh report
_h[electronic resource]
260 _aLondon
_bUK Parliament
_c2008
520 _aReports that there is a significant risk that that major government targets for housebuilding and regeneration will be missed because the system is unable to manage the volume or variety of tasks required between now and 2020. Wider economic well-being and delivery of the Government's environmental priorities could also be hindered. Two linked problems need to be addressed urgently to prevent this: a drastic shortage of planning officers and a significant and growing skills gap among those planners who remain within the system. The shortage of planners looks unlikely to be resolved in the short-medium term. Argues that government needs to raise the general status of planning within local government structures and to provide means by which planners can widen and improve their skills to obtain the greatest benefit from developments for the areas they serve. States that efforts to raise the number of students taking planning-related university courses have been more successful, but will take time to bring able and experienced planning officers into the system.
590 _aKA NTK
651 4 _aUnited Kingdom
_y
690 _aENVIRONMENTAL AND LAND CONSULTANCY-PLANNING AND DEVELOPMENT-STRATEGIC PLANNING
856 4 0 _uhttps://www.publications.parliament.uk/pa/cm200708/cmselect/cmcomloc/517/51702.htm
_zView the item free of charge at www.publications.parliament.uk...
942 _n0
999 _c80506
_d80506